01960nam a22002177a 450000500170000000800410001704000340005804100080009208200140010010000350011424201220014924501060027125000940037726001100047130000840058150007670066550502440143250600210167654600210169765000240171820170119144141.0130419k17841785sp |||fr|||||001|0|lat d cSandra YazodSandra Yazobspa0 alat04a262.92201 aBenedicto XIVcPapad1675-175800aInstituciones EclesiásticascDe Benedicto XIV, Sumo Pontífice, antiguamente Cardenal Próspero Lambertini. yspa10aInstitutionum Ecclesiasticarum cBenedicti XIV Pont. Opt. Max. olim Prosperi Card. de Lambertinis … aNovissima editio [Última edición]bauctior et castigatior [más extensa y corregida] aRomae [Roma]bEx Typographia Jo. Baptistae Cannetti [De la imprenta de Juan Bautista Cannetti]c1784-1785 a3 volúmenes (xvii, 385 ; 275 ; 123 [e.i. 223], lxxiii páginas)c28 x 21 cm. aDetalles físicos: Encuadernación rígida (romana) cartón duro, forrado en pergamino fino. Lomo con simulación de tejuelos; letras y motivos decorativos en dorado. Guardas. Anteportada en V.1 y 2. Portada impresa en dos tintas en el V.1, V.2 y V.3 portada en una sola tinta, incluye en las portadas la alegoría del Papa. Dedicatoria. Índice del tomo. Texto impreso en una sola columna. Notas de pie de página (en dos columnas). Mayúsculas capitales. Grabado inicial, al comienzo del texto de cada tomo. Remates al final de los capítulos. Márgenes amplios. Signaturas y Reclamos. Cortes decorados con color rojo. Varias hojas sueltas en V.1 y V.2, V.3 lomo perforado por insectos. V.1 en anteportada al verso una extensa anotación manuscrita0 aV.I: Instituciones Eclesiásticas I a la L, Comentadas y explicadas por el Cardenal Próspero Lambertini, después Benedicto XIV -- V.II: Instituciones Eclesiásticas LI a la XC -- V.III: Instituciones Eclesiásticas XCI a la última aConsulta en sala aTexto en latín 7aDerecho canónico